Dependencia holística

Kaydedildi:
Detaylı Bibliyografya
Yazar: Packenham, Robert A.
Materyal Türü: Metin
Baskı/Yayın Bilgisi: Nuevo México: IICLA
Etiketler: Etiketle
Etiket eklenmemiş, İlk siz ekleyin!

MARC

LEADER 00000 a a2200000 04500
001 23658
003
040
090 |a 165500  
100 |a Packenham, Robert A.  
245 |a Dependencia holística  
260 |a Nuevo México:   |b IICLA  
300 |a 63 p.  
999 |c 17282  |d 17282